Aspectos geopoliticos del mar argentino /
Guardado en:
| Autor Principal: | |
|---|---|
| Formato: | Libro |
| Publicado: |
Buenos Aires :
C.n.d.i.e,
1980
|
| Etiquetas: |
Agregar Etiqueta
Sin Etiquetas, Sea el primero en etiquetar este registro!
|
| LEADER | 00412nam a22001455a 4500 | ||
|---|---|---|---|
| 001 | CEM.cems009844 | ||
| 005 | 20060214000000.0 | ||
| 008 | 130507s1980##################000#0#####d | ||
| 003 | CEMS | ||
| 082 | 0 | 4 | |a F320.1 |
| 100 | 1 | |a Fraga Jorge Alberto | |
| 245 | 1 | 0 | |a Aspectos geopoliticos del mar argentino / |
| 260 | |a Buenos Aires : |b C.n.d.i.e, |c 1980 | ||
| 300 | |a 37 p.1 | ||
| 859 | |a CEMS |b BIB. CEMS - 11 de abril |h F320.1 |i 5 |p 161.44 |t Ej.1 | ||
